[Event "Andorra op 39th"]
[Site "Escaldes"]
[Date "2023.07.27"]
[Round "6"]
[White "Kogan, Artur"]
[Black "Nielsen, Andre"]
[Result "1-0"]
[WhiteElo "2482"]
[BlackElo "2211"]
[PlyCount "89"]
[EventDate "2023.07.22"]
[EventType "swiss"]
[EventRounds "9"]
[EventCountry "AND"]
[SourceTitle "CBM 215 Extra"]
[Source "ChessBase"]
[SourceDate "2023.09.30"]
[SourceVersion "1"]
[SourceVersionDate "2023.09.30"]
[SourceQuality "1"]

1. d4 Nf6 2. Nf3 e6 3. Bg5 h6 4. Bh4 b6 5. Nbd2 Bb7 6. e3 Be7 7. Bd3 d6 8. e4 Nh5 9. Bg3 Nd7 10. Qe2 a6 11. c3 c5 12. d5 e5 13. a4 0-0 14. 0-0 g6 15. Ne1 Ng7 16. f4 exf4 17. Bxf4 Kh7 18. Qe3 Ne5 19. Bxe5 dxe5 20. Nef3 c4 21. Nxc4 Bc5 22. Nd4 exd4 23. cxd4 Be7 24. Ne5 Bf6 25. Nd7 Qxd7 26. Rxf6 Qe7 27. Rxb6 Bxd5 28. Re1 Bb7 29. d5 Rfe8 30. Bc4 Rab8 31. e5 Qc7 32. Qd4 Nf5 33. d6 Qc8 34. d7 Qd8 35. Bxf7 Nxd4 36. Bxg6+ Kg7 37. dxe8Q Nf3+ 38. Kf1 Nxh2+ 39. Ke2 Qc7 40. Qf7+ Qxf7 41. Bxf7 Kxf7 42. a5 Ke7 43. Rc1 Kd8 44. Rd6+ Ke8 45. Rxh6 1-0

[Event "Reykjavik op"]
[Site "Reykjavik"]
[Date "2023.04.04"]
[Round "9"]
[White "Fuchs, Elmar"]
[Black "Nielsen, Andre"]
[Result "1/2-1/2"]
[WhiteElo "1973"]
[BlackElo "2201"]
[PlyCount "105"]
[EventDate "2023.03.29"]
[EventType "swiss"]
[EventRounds "9"]
[EventCountry "ISL"]
[SourceTitle "EXT 2024"]
[Source "ChessBase"]
[SourceDate "2023.10.10"]
[SourceVersion "1"]
[SourceVersionDate "2023.10.10"]
[SourceQuality "1"]

1. d4 d5 2. Nc3 Nc6 3. e4 dxe4 4. d5 Nb8 5. f3 e5 6. Bb5+ c6 7. dxc6 Qxd1+ 8. Nxd1 bxc6 9. Ba4 Nf6 10. Bg5 exf3 11. Nxf3 Nfd7 12. c3 Nc5 13. Bc2 Ba6 14. Nf2 Nbd7 15. Be3 Ne6 16. Be4 Bb7 17. 0-0-0 g6 18. Rhe1 f6 19. Bc2 Bc5 20. Bb3 Bxe3+ 21. Rxe3 Nec5 22. Bc4 Ke7 23. b4 Na4 24. Red3 Rhd8 25. Ne4 Ndb6 26. Rxd8 Rxd8 27. Rxd8 Kxd8 28. Bg8 Ke7 29. Bxh7 f5 30. Nc5 Nxc5 31. bxc5 Nd7 32. Bxg6 Kf6 33. Be8 Nxc5 34. h4 Ne6 35. g3 Ng7 36. Bd7 Ke7 37. Nxe5 Kd6 38. Bxc6 Bxc6 39. Nxc6 Kxc6 40. Kd2 Nh5 41. Ke3 Kd5 42. Kf3 Nf6 43. Kf4 Ke6 44. c4 a5 45. c5 Nh5+ 46. Kf3 Kd5 47. g4 Ng7 48. gxf5 Nxf5 49. h5 Kxc5 50. Kf4 Nh6 51. Kg5 Nf7+ 52. Kf6 Nh6 53. Kg5 1/2-1/2

[Event "Reykjavik op"]
[Site "Reykjavik"]
[Date "2023.04.02"]
[Round "7"]
[White "Geyler, Stefan"]
[Black "Nielsen, Andre"]
[Result "0-1"]
[WhiteElo "1915"]
[BlackElo "2201"]
[PlyCount "138"]
[EventDate "2023.03.29"]
[EventType "swiss"]
[EventRounds "9"]
[EventCountry "ISL"]
[SourceTitle "EXT 2024"]
[Source "ChessBase"]
[SourceDate "2023.10.10"]
[SourceVersion "1"]
[SourceVersionDate "2023.10.10"]
[SourceQuality "1"]

1. e4 e5 2. Nf3 Nc6 3. Nc3 Nf6 4. Bb5 Bc5 5. Nxe5 Nxe5 6. d4 Bd6 7. 0-0 0-0 8. dxe5 Bxe5 9. Bd3 Re8 10. Nb5 c6 11. f4 Bb8 12. Nc3 d6 13. h3 b5 14. e5 dxe5 15. fxe5 Qd4+ 16. Kh1 Qxe5 17. Bf4 Qh5 18. Qd2 Bxf4 19. Qxf4 Qe5 20. Qxe5 Rxe5 21. Rfe1 Rxe1+ 22. Rxe1 Be6 23. Ne4 Nxe4 24. Bxe4 Rc8 25. a3 c5 26. Rd1 Kf8 27. c3 Ke7 28. Kg1 Rd8 29. Rxd8 Kxd8 30. h4 Ke7 31. Kf2 Kf6 32. Bc6 Bc4 33. g3 Ke5 34. Ke3 g6 35. Bf3 h6 36. Bc6 f6 37. Bf3 Bd5 38. Bd1 Be6 39. Be2 Bd7 40. Bf3 Be8 41. Bb7 Bd7 42. Bf3 Be8 43. Bb7 a5 44. Bf3 Bd7 45. Bb7 Kd6 46. Be4 Be8 47. Bf3 Bc6 48. Bd1 Ke5 49. Be2 h5 50. Bd1 Be8 51. Bf3 Kf5 52. Bd1 g5 53. Be2 Kg6 54. Bd3+ f5 55. Be2 f4+ 56. gxf4 gxh4 57. Bd3+ Kf6 58. Be4 Bd7 59. Kf3 Bg4+ 60. Kf2 Ke6 61. Kg2 Bf5 62. Bf3 Bg6 63. Kh3 Kf5 64. Kxh4 Kxf4 65. Bc6 b4 66. cxb4 cxb4 67. Ba4 Bf7 68. axb4 axb4 69. Bc2 Ke3 0-1

[Event "NOR-chT Elite 2122"]
[Site "Norway"]
[Date "2022.03.04"]
[Round "7.4"]
[White "Nielsen, Andre"]
[Black "Kizatbay, Abyl"]
[Result "1-0"]
[WhiteElo "2247"]
[BlackElo "2122"]
[PlyCount "79"]
[EventDate "2021.10.28"]
[EventType "team-tourn"]
[EventRounds "9"]
[EventCountry "NOR"]
[SourceTitle "EXT 2024"]
[Source "ChessBase"]
[SourceDate "2023.10.10"]
[SourceVersion "1"]
[SourceVersionDate "2023.10.10"]
[SourceQuality "1"]
[WhiteTeam "Alta"]
[BlackTeam "Stavanger"]
[WhiteTeamCountry "NOR"]
[BlackTeamCountry "NOR"]

1. e4 c5 2. Nf3 d6 3. d4 cxd4 4. Nxd4 Nf6 5. Nc3 Nc6 6. Bg5 e6 7. Qd2 a6 8. 0-0-0 Bd7 9. f4 b5 10. Bxf6 gxf6 11. Kb1 Qb6 12. Nxc6 Bxc6 13. f5 h5 14. Qf4 b4 15. Ne2 e5 16. Qh4 Ke7 17. Rxd6 Bg7 18. Rd3 Bh6 19. Nc1 Qb7 20. Nb3 a5 21. Be2 a4 22. Nd2 Rhd8 23. Nf3 Bxe4 24. Rxd8 Rxd8 25. Nxe5 b3 26. Qxh5 bxc2+ 27. Ka1 c1Q+ 28. Rxc1 Bxc1 29. Qxf7+ Kd6 30. Qxb7 Bxb7 31. Nf7+ Ke7 32. Nxd8 Kxd8 33. Kb1 Bf4 34. Bd1 Bxh2 35. Bxa4 Bxg2 36. Bc2 Kc7 37. b4 Be5 38. a4 Bc3 39. b5 Kb6 40. Ka2 1-0

[Event "Prague op-A 20th"]
[Site "Prague"]
[Date "2022.01.14"]
[Round "9"]
[White "Nielsen, Andre"]
[Black "Oye Stromberg, Alexander"]
[Result "1/2-1/2"]
[WhiteElo "2207"]
[BlackElo "2238"]
[PlyCount "70"]
[EventDate "2022.01.07"]
[EventType "swiss"]
[EventRounds "9"]
[EventCountry "CZE"]
[SourceTitle "CBM 206 Extra"]
[Source "ChessBase"]
[SourceDate "2022.03.31"]
[SourceVersion "1"]
[SourceVersionDate "2022.03.31"]
[SourceQuality "1"]

1. e4 e5 2. Nf3 Nc6 3. Bc4 Nf6 4. d3 h6 5. 0-0 d6 6. c3 g5 7. Nbd2 Bg7 8. Bb3 0-0 9. Nc4 Be6 10. Re1 a5 11. Ne3 d5 12. Qc2 Qd7 13. Ba4 Qd6 14. exd5 Bxd5 15. Bxc6 bxc6 16. Nf5 Qd7 17. Nxg7 Bxf3 18. gxf3 Kxg7 19. Rxe5 Rfe8 20. d4 Qh3 21. Be3 Qxf3 22. Qf5 Qg4+ 23. Qxg4 Nxg4 24. Rc5 Re6 25. Re1 a4 26. d5 cxd5 27. Bd4+ Kg6 28. Rxe6+ fxe6 29. Rxc7 e5 30. h3 exd4 31. hxg4 d3 32. Rd7 Ra5 33. Kf1 Rb5 34. Ke1 Rxb2 35. Rxd5 Re2+ 1/2-1/2

[Event "Castelldefels Llobregat op 2nd"]
[Site "Castelldefels"]
[Date "2021.11.30"]
[Round "1"]
[White "Nielsen, Andre"]
[Black "Arjun, Kalyan"]
[Result "1/2-1/2"]
[WhiteElo "2246"]
[BlackElo "2537"]
[PlyCount "101"]
[EventDate "2021.11.30"]
[EventType "swiss"]
[EventRounds "9"]
[EventCountry "ESP"]
[SourceTitle "CBM 205 Extra"]
[Source "ChessBase"]
[SourceDate "2022.01.31"]
[SourceVersion "1"]
[SourceVersionDate "2022.01.31"]
[SourceQuality "1"]

1. e4 e5 2. Nf3 Nc6 3. Bc4 Bc5 4. c3 Nf6 5. d3 d6 6. Nbd2 a6 7. Bb3 0-0 8. 0-0 Be6 9. h3 h6 10. Re1 Re8 11. Nf1 Bxb3 12. Qxb3 d5 13. Ng3 Qd7 14. exd5 Nxd5 15. Ne4 Bf8 16. Bd2 Re6 17. Rad1 b6 18. Bc1 Rae8 19. Ng3 g6 20. Qa4 b5 21. Qh4 Qe7 22. Qxe7 R8xe7 23. h4 Nf6 24. Ne4 Nd7 25. Kf1 f5 26. Ng3 Rf6 27. d4 e4 28. Ng1 Nb6 29. Nh3 Rd7 30. f3 exf3 31. gxf3 Nd5 32. Nf4 Kf7 33. Kf2 Nxf4 34. Bxf4 Re6 35. Rxe6 Kxe6 36. Re1+ Kf7 37. h5 g5 38. Be5 f4 39. Nf1 Re7 40. Nh2 Nxe5 41. Rxe5 Rxe5 42. dxe5 Ke6 43. Ng4 c5 44. Ke2 c4 45. Kd2 Bg7 46. Kc2 Kd5 47. b3 Ke6 48. bxc4 bxc4 49. Kb2 Bf8 50. a4 Bg7 51. Kc2 1/2-1/2

[Event "Arco op 43rd"]
[Site "Arco"]
[Date "2021.10.16"]
[Round "8"]
[White "Nielsen, Andre"]
[Black "Zeller, Frank"]
[Result "0-1"]
[WhiteElo "2247"]
[BlackElo "2366"]
[PlyCount "122"]
[EventDate "2021.10.09"]
[EventType "swiss"]
[EventRounds "9"]
[EventCountry "ITA"]
[SourceTitle "CBM 204 Extra"]
[Source "ChessBase"]
[SourceDate "2021.11.30"]
[SourceVersion "1"]
[SourceVersionDate "2021.11.30"]
[SourceQuality "1"]

1. e4 e5 2. Nf3 Nc6 3. Bb5 a6 4. Ba4 Nf6 5. 0-0 Be7 6. Re1 b5 7. Bb3 d6 8. c3 0-0 9. h3 Re8 10. d4 Bf8 11. Nbd2 Bb7 12. Bc2 g6 13. d5 Nb8 14. b3 c6 15. c4 Nbd7 16. Nf1 Nc5 17. Bg5 h6 18. Bd2 a5 19. N3h2 bxc4 20. bxc4 Ba6 21. Ba4 cxd5 22. Bxe8 Qxe8 23. exd5 Bxc4 24. Ne3 Qb5 25. Qf3 Nfe4 26. Nxc4 Qxc4 27. Be3 f5 28. Bxc5 Nxc5 29. Nf1 Bg7 30. Rec1 Qd4 31. Rab1 e4 32. Qg3 Qf6 33. Rb6 f4 34. Qa3 Qe5 35. Rxd6 Qxd6 36. Qxc5 Rd8 37. Qxd6 Rxd6 38. Rc8+ Kh7 39. Re8 Rxd5 40. Rxe4 g5 41. h4 Kg6 42. hxg5 hxg5 43. g4 Rd1 44. Ra4 Bc3 45. Rc4 Bb4 46. Rc6+ Kf7 47. Rc7+ Ke6 48. Rc6+ Kd5 49. Rg6 Be7 50. Ra6 Bd8 51. Ra8 Kc4 52. Kg2 Kb4 53. Rc8 Ka3 54. Rc2 f3+ 55. Kg1 Bf6 56. Rc6 Bd8 57. Rc2 a4 58. Rc4 Bf6 59. Re4 Bd4 60. Kh2 Bxf2 61. Ne3 Rd8 0-1

[Event "Arco op 43rd"]
[Site "Arco"]
[Date "2021.10.11"]
[Round "3"]
[White "Nielsen, Andre"]
[Black "Bordignon, Angelo"]
[Result "1-0"]
[WhiteElo "2247"]
[BlackElo "2050"]
[PlyCount "89"]
[EventDate "2021.10.09"]
[EventType "swiss"]
[EventRounds "9"]
[EventCountry "ITA"]
[SourceTitle "CBM 204 Extra"]
[Source "ChessBase"]
[SourceDate "2021.11.30"]
[SourceVersion "1"]
[SourceVersionDate "2021.11.30"]
[SourceQuality "1"]

1. e4 c5 2. Nf3 d6 3. d4 cxd4 4. Nxd4 Nf6 5. Nc3 a6 6. Bg5 Nc6 7. Qd2 Nxd4 8. Qxd4 Qa5 9. Bxf6 gxf6 10. 0-0-0 Bg7 11. f4 Be6 12. a3 Rc8 13. f5 Bd7 14. Kb1 Qc5 15. Be2 h5 16. Rhf1 h4 17. Rf3 b5 18. Rh3 a5 19. Qxc5 Rxc5 20. b4 axb4 21. axb4 Re5 22. Rd5 Rxd5 23. Nxd5 e6 24. Nc7+ Kd8 25. Nxb5 Ke7 26. Nd4 Rb8 27. c3 e5 28. Nb3 d5 29. Rxh4 dxe4 30. g4 Bc6 31. Nc5 Kf8 32. Bc4 Kg8 33. g5 fxg5 34. Rg4 Kh7 35. Bxf7 e3 36. Rg3 e2 37. Re3 Bf3 38. Bc4 e4 39. Kc2 g4 40. Bxe2 Bh6 41. Rxe4 Bxe4+ 42. Nxe4 Bf4 43. Bxg4 Bxh2 44. Kb3 Kg7 45. c4 1-0

[Event "Fagernes op"]
[Site "Fagernes"]
[Date "2020.10.05"]
[Round "2"]
[White "Nielsen, Andre"]
[Black "Holm, Kristian Stuvik"]
[Result "1/2-1/2"]
[WhiteElo "2218"]
[BlackElo "2465"]
[PlyCount "36"]
[EventDate "2020.10.04"]
[EventType "swiss"]
[EventRounds "9"]
[EventCountry "NOR"]
[SourceTitle "EXT 2022"]
[Source "ChessBase"]
[SourceDate "2021.10.06"]
[SourceVersion "1"]
[SourceVersionDate "2021.10.06"]
[SourceQuality "1"]

1. e4 e5 2. Nf3 Nc6 3. Bc4 Bc5 4. c3 Nf6 5. d3 d6 6. Nbd2 a6 7. Bb3 Ba7 8. Nf1 h6 9. Ng3 Be6 10. 0-0 0-0 11. d4 Bxb3 12. Qxb3 exd4 13. cxd4 Re8 14. d5 Nd4 15. Nxd4 Bxd4 16. Nf5 Rxe4 17. Bxh6 gxh6 18. Qg3+ Ng4 1/2-1/2

[Event "NOR-chT Elite 1920"]
[Site "Norway"]
[Date "2020.03.08"]
[Round "9.1"]
[White "Johannessen, Leif Erlend"]
[Black "Nielsen, Andre"]
[Result "1/2-1/2"]
[WhiteElo "2446"]
[BlackElo "2216"]
[PlyCount "50"]
[EventDate "2019.11.01"]
[EventType "team-tourn"]
[EventRounds "9"]
[EventCountry "NOR"]
[SourceTitle "CBM 195 Extra"]
[Source "ChessBase"]
[SourceDate "2020.05.31"]
[SourceVersion "1"]
[SourceVersionDate "2020.05.31"]
[SourceQuality "1"]
[WhiteTeam "OSS"]
[BlackTeam "Alta"]
[WhiteTeamCountry "NOR"]
[BlackTeamCountry "NOR"]

1. d4 Nf6 2. c4 g6 3. Nc3 Bg7 4. e4 d6 5. Bd3 0-0 6. Nge2 e5 7. d5 Nbd7 8. 0-0 a5 9. Rb1 Nc5 10. Bc2 Nfd7 11. a3 f5 12. exf5 gxf5 13. b4 axb4 14. axb4 Na6 15. f3 Qe7 16. Be3 Nf6 17. Qd2 Bd7 18. Kh1 Kh8 19. f4 Ng4 20. Bg1 Rae8 21. fxe5 Nxe5 22. Qf4 Ng6 23. Qf3 Ne5 24. Qf4 Ng6 25. Qf3 Ne5 1/2-1/2

[Event "Nova Gorica op 25th"]
[Site "Nova Gorica"]
[Date "2020.01.28"]
[Round "7"]
[White "Nielsen, Andre"]
[Black "Olenik Campa, Rudi"]
[Result "1-0"]
[WhiteElo "2213"]
[BlackElo "1968"]
[PlyCount "83"]
[EventDate "2020.01.24"]
[EventType "swiss"]
[EventRounds "9"]
[EventCountry "SLO"]
[SourceTitle "CBM 194"]
[Source "ChessBase"]
[SourceDate "2020.01.27"]
[SourceVersion "1"]
[SourceVersionDate "2020.01.27"]
[SourceQuality "1"]

1. e4 e6 2. d4 d5 3. Nc3 Nf6 4. Bg5 Be7 5. e5 Nfd7 6. Bxe7 Qxe7 7. f4 a6 8. Nf3 c5 9. Qd2 Nc6 10. dxc5 Nxc5 11. a3 b5 12. Bd3 Bb7 13. Ne2 0-0 14. 0-0 Ne4 15. Qe3 Qc5 16. Ned4 Nxd4 17. Qxd4 Qxd4+ 18. Nxd4 Nc5 19. Rae1 Bc8 20. Re3 Bd7 21. g4 a5 22. b4 axb4 23. axb4 Nxd3 24. Rxd3 Ra4 25. c3 Ra3 26. f5 Rc8 27. Rff3 Rca8 28. Kf2 Ra1 29. Kg3 Rg1+ 30. Kf4 g5+ 31. Kxg5 exf5 32. Nxf5 Bxf5 33. Kxf5 Rd8 34. h3 Kg7 35. Rd4 h6 36. Kf4 Re1 37. Rfd3 f6 38. exf6+ Kxf6 39. Rxd5 Rde8 40. Rd6+ Kg7 41. Rd7+ Kf8 42. Rd8 1-0

[Event "NOR-chT Elite 1920"]
[Site "Norway"]
[Date "2020.01.19"]
[Round "6.4"]
[White "Kaasen, Tor Fredrik"]
[Black "Nielsen, Andre"]
[Result "1-0"]
[WhiteElo "2382"]
[BlackElo "2213"]
[PlyCount "79"]
[EventDate "2019.11.01"]
[EventType "team-tourn"]
[EventRounds "9"]
[EventCountry "NOR"]
[SourceTitle "CBM 195 Extra"]
[Source "ChessBase"]
[SourceDate "2020.05.31"]
[SourceVersion "1"]
[SourceVersionDate "2020.05.31"]
[SourceQuality "1"]
[WhiteTeam "Valerenga"]
[BlackTeam "Alta"]
[WhiteTeamCountry "NOR"]
[BlackTeamCountry "NOR"]

1. e4 e5 2. Nf3 Nc6 3. Bb5 a6 4. Ba4 Nf6 5. 0-0 Be7 6. Re1 b5 7. Bb3 d6 8. c3 0-0 9. h3 Na5 10. Bc2 c5 11. d4 Qc7 12. d5 Bd7 13. b3 Nb7 14. Nbd2 Nd8 15. Nf1 Ne8 16. g4 g6 17. Bh6 Ng7 18. Ng3 f6 19. Kh2 Nf7 20. Be3 Qc8 21. Rg1 Kh8 22. Nd2 Bd8 23. a4 Ba5 24. Ne2 f5 25. exf5 gxf5 26. f3 e4 27. axb5 axb5 28. b4 Bb6 29. Rxa8 Qxa8 30. Ng3 exf3 31. Nxf3 Re8 32. Qd2 Ne5 33. Nxe5 Rxe5 34. gxf5 Nxf5 35. Nxf5 Bxf5 36. Qg2 Bg6 37. Bxg6 hxg6 38. Qxg6 Qf8 39. bxc5 Bxc5 40. Rg4 1-0

[Event "Rilton Cup 49th"]
[Site "Stockholm"]
[Date "2020.01.05"]
[Round "9"]
[White "Nielsen, Andre"]
[Black "Asaka, Samuel"]
[Result "1-0"]
[WhiteElo "2192"]
[BlackElo "2220"]
[PlyCount "81"]
[EventDate "2019.12.27"]
[EventType "swiss"]
[EventRounds "9"]
[EventCountry "SWE"]
[SourceTitle "EXT 2021"]
[Source "ChessBase"]
[SourceDate "2020.10.23"]
[SourceVersion "1"]
[SourceVersionDate "2020.10.23"]
[SourceQuality "1"]

1. e4 c5 2. Nf3 Nc6 3. d4 cxd4 4. Nxd4 Nf6 5. Nc3 e5 6. Ndb5 d6 7. Bg5 a6 8. Na3 b5 9. Nd5 Be7 10. Bxf6 Bxf6 11. c4 b4 12. Nc2 0-0 13. Bd3 a5 14. b3 Be6 15. Qf3 Bxd5 16. cxd5 Nb8 17. 0-0 Bg5 18. a3 bxa3 19. Rxa3 Nd7 20. Rfa1 Rc8 21. Rxa5 Rc3 22. b4 Qc8 23. Qe2 Nb6 24. R5a3 Rc7 25. g3 g6 26. Ra6 Qb8 27. b5 f5 28. Nb4 fxe4 29. Bxe4 Nc4 30. Rc6 Rxc6 31. dxc6 Nd2 32. Bd5+ Kh8 33. Ra2 Nb1 34. Qd3 Nd2 35. h4 Qb6 36. Rxd2 Bxd2 37. Qxd2 Qxb5 38. Qh6 Re8 39. Qg5 Kg7 40. h5 Rf8 41. Qe7+ 1-0

[Event "Rilton Cup 49th"]
[Site "Stockholm"]
[Date "2019.12.31"]
[Round "5"]
[White "Nielsen, Andre"]
[Black "Gueci, Tea"]
[Result "0-1"]
[WhiteElo "2192"]
[BlackElo "2250"]
[PlyCount "76"]
[EventDate "2019.12.27"]
[EventType "swiss"]
[EventRounds "9"]
[EventCountry "SWE"]
[SourceTitle "CBM 194 Extra"]
[Source "ChessBase"]
[SourceDate "2020.03.31"]
[SourceVersion "1"]
[SourceVersionDate "2020.03.31"]
[SourceQuality "1"]

1. e4 c5 2. Nf3 Nc6 3. d4 cxd4 4. Nxd4 Nf6 5. Nc3 e5 6. Ndb5 d6 7. Bg5 a6 8. Na3 b5 9. Nd5 Be7 10. Bxf6 Bxf6 11. c4 b4 12. Nc2 0-0 13. Bd3 a5 14. b3 g6 15. Nxf6+ Qxf6 16. Qd2 Be6 17. h4 h5 18. Rd1 Kg7 19. Be2 Rfd8 20. g3 a4 21. 0-0 Bh3 22. Rfe1 axb3 23. axb3 Ra2 24. Ra1 Rda8 25. Qd3 Nd4 26. Rxa2 Rxa2 27. Nxd4 exd4 28. f3 Qe5 29. f4 Qc5 30. Bf1 Bg4 31. Bg2 Qa7 32. Kh2 f6 33. Kh1 Ra1 34. Qd2 Qa2 35. Qxb4 Rxe1+ 36. Qxe1 d3 37. e5 d2 38. exf6+ Kxf6 0-1

[Event "Rilton Cup 49th"]
[Site "Stockholm"]
[Date "2019.12.30"]
[Round "4"]
[White "Apol, Luitjen Akselsson"]
[Black "Nielsen, Andre"]
[Result "1/2-1/2"]
[WhiteElo "2076"]
[BlackElo "2192"]
[PlyCount "50"]
[EventDate "2019.12.27"]
[EventType "swiss"]
[EventRounds "9"]
[EventCountry "SWE"]
[SourceTitle "CBM 194 Extra"]
[Source "ChessBase"]
[SourceDate "2020.03.31"]
[SourceVersion "1"]
[SourceVersionDate "2020.03.31"]
[SourceQuality "1"]

1. e4 e5 2. Nf3 Nc6 3. Bb5 a6 4. Ba4 Nf6 5. d3 Bc5 6. 0-0 b5 7. Bb3 d6 8. c3 0-0 9. h3 Bb6 10. Re1 Re8 11. Nbd2 Ne7 12. Nh4 d5 13. Qf3 Be6 14. Qg3 Ng6 15. Nxg6 hxg6 16. exd5 Bxd5 17. Bxd5 Qxd5 18. Ne4 Rad8 19. Bg5 Nh5 20. Qh4 f6 21. Be3 Qxd3 22. Qg4 Kh7 23. Qh4 Kg8 24. Qg4 Kh7 25. Qh4 Kg8 1/2-1/2

[Event "Rilton Cup 49th"]
[Site "Stockholm"]
[Date "2019.12.29"]
[Round "3"]
[White "Nielsen, Andre"]
[Black "Ranaldi, Lucas"]
[Result "0-1"]
[WhiteElo "2192"]
[BlackElo "2296"]
[PlyCount "172"]
[EventDate "2019.12.27"]
[EventType "swiss"]
[EventRounds "9"]
[EventCountry "SWE"]
[SourceTitle "CBM 194 Extra"]
[Source "ChessBase"]
[SourceDate "2020.03.31"]
[SourceVersion "1"]
[SourceVersionDate "2020.03.31"]
[SourceQuality "1"]

1. e4 c6 2. d4 d5 3. Nc3 dxe4 4. Nxe4 Bf5 5. Ng3 Bg6 6. h4 h6 7. Nf3 Nd7 8. h5 Bh7 9. Bd3 Bxd3 10. Qxd3 e6 11. Bd2 Ngf6 12. 0-0-0 a5 13. Ne4 Nxe4 14. Qxe4 Nf6 15. Qe2 a4 16. a3 Qd5 17. Kb1 Bd6 18. c4 Qe4+ 19. Qxe4 Nxe4 20. Be3 Ra5 21. Nd2 Nf6 22. c5 Bc7 23. Nc4 Rb5 24. Bd2 Ke7 25. b4 Nd5 26. Kc2 b6 27. Rh4 Rd8 28. g3 bxc5 29. dxc5 f6 30. f4 Rbb8 31. Rh2 Kf7 32. Re1 Re8 33. Rhe2 Re7 34. Ne3 Rd8 35. Bc3 Nxe3+ 36. Rxe3 Rd5 37. Rh1 Red7 38. Re2 e5 39. fxe5 Bxe5 40. Bxe5 fxe5 41. Rhe1 Ke6 42. Re3 Rf7 43. Kc3 Rf5 44. g4 Rf2 45. R1e2 Rf1 46. Re1 Rf8 47. Rg1 Rf2 48. g5 Ra2 49. gxh6 gxh6 50. Rg6+ Kf5 51. Re1 Rxa3+ 52. Kc2 Ra2+ 53. Kb1 Rdd2 54. Rf1+ Ke4 55. Re1+ Kd4 56. Rd6+ Kc3 57. Rxd2 Rxd2 58. Rxe5 Rh2 59. Re6 Kb3 60. Re3+ Kxb4 61. Re6 Kb3 62. Re3+ Kb4 63. Re6 Rxh5 64. Rxc6 Kb5 65. Rg6 Kxc5 66. Kb2 Rh3 67. Rg4 a3+ 68. Ka2 h5 69. Rf4 Kd5 70. Ra4 h4 71. Ra5+ Ke4 72. Rh5 Kf4 73. Rh8 Rh2+ 74. Kxa3 Kg3 75. Kb3 Rd2 76. Kc3 Rd7 77. Rg8+ Kh2 78. Kc2 h3 79. Rg6 Kh1 80. Rg3 h2 81. Rg8 Ra7 82. Kd2 Ra1 83. Ke2 Rg1 84. Rh8 Kg2 85. Rg8+ Kh3 86. Rh8+ Kg3 0-1

[Event "Rilton Cup 49th"]
[Site "Stockholm"]
[Date "2019.12.28"]
[Round "2"]
[White "Calzetta Ruiz, Monica"]
[Black "Nielsen, Andre"]
[Result "1/2-1/2"]
[WhiteElo "2292"]
[BlackElo "2192"]
[PlyCount "128"]
[EventDate "2019.12.27"]
[EventType "swiss"]
[EventRounds "9"]
[EventCountry "SWE"]
[SourceTitle "CBM 194 Extra"]
[Source "ChessBase"]
[SourceDate "2020.03.31"]
[SourceVersion "1"]
[SourceVersionDate "2020.03.31"]
[SourceQuality "1"]

1. e4 e5 2. Nf3 Nc6 3. Bb5 a6 4. Ba4 Nf6 5. 0-0 Be7 6. Re1 b5 7. Bb3 d6 8. c3 0-0 9. d4 Bg4 10. d5 Na5 11. Bc2 c6 12. h3 Bh5 13. dxc6 Qc7 14. Nbd2 Nxc6 15. Nf1 Rac8 16. Ne3 Bxf3 17. Qxf3 b4 18. Nf5 bxc3 19. bxc3 Ne8 20. Bb3 Bf6 21. Ba3 Ne7 22. Red1 Nxf5 23. Qxf5 g6 24. Qg4 Be7 25. Rd3 Nf6 26. Qe2 Nd7 27. Rf3 a5 28. Rd1 Nc5 29. Bd5 Kg7 30. Bc1 h6 31. Rg3 Bg5 32. Bxg5 hxg5 33. Qg4 Na4 34. c4 Rb8 35. Qxg5 Rb2 36. Rdd3 Qd8 37. Qxd8 Rxd8 38. Ra3 Rb4 39. Rgf3 f6 40. Rfb3 Nc5 41. Rxb4 axb4 42. Ra7+ Rd7 43. Ra8 Rc7 44. g3 b3 45. axb3 Nxb3 46. Rg8+ Kh7 47. Rd8 Nd2 48. Rxd6 Kg7 49. c5 Rxc5 50. Rd7+ Kh6 51. h4 g5 52. Be6 Nf3+ 53. Kg2 Nd4 54. Bg8 gxh4 55. gxh4 f5 56. Bd5 Kh5 57. Re7 Kxh4 58. Rxe5 f4 59. Re8 f3+ 60. Kh2 Rc2 61. Rh8+ Kg4 62. Rg8+ Kh4 63. Rh8+ Kg4 64. Rg8+ Kh4 1/2-1/2